| 000 | 01168nam0a22002531i 4500 | ||
|---|---|---|---|
| 001 | rc\3439238 | ||
| 005 | 20240726065507.0 | ||
| 021 |
_aRU _b[73-16121а] |
||
| 035 | _a(NLR Aleph) 007589380 | ||
| 090 |
_a5594522 _c5594522 |
||
| 100 | _a20130115d1973 |||y0rusy50 ca | ||
| 101 | 0 | _arus | |
| 102 | _aRU | ||
| 105 | _ay d ||||| | ||
| 200 | 1 |
_aНекоторые функциональные, морфологические и обменные сдвиги после резекции тонкой кишки с наложением различных анастомозов _e(Эксперим.-клинич. исследование) _eАвтореф. дис. на соиск. учен. степени д-ра мед. наук _e(14.00.27) _fОдес. мед. ин-т им. Н.И. Пирогова |
|
| 210 |
_aОдесса _d1973 |
||
| 215 | _a39 с. | ||
| 320 | _aСписок работ авт.: с. 36-38 (35 назв.) | ||
| 606 |
_aТонкий кишечник _xАнастомозы _2psbo |
||
| 700 | 1 |
_aГенык _bС.Н. _gСтепан Николаевич |
|
| 801 | 0 |
_aRU _bNLR _gpsbo |
|
| 801 | 1 |
_aRU _bELAR _2rusmarc |
|
| 852 |
_aNLR _j73-4/34410 |
||
| 942 | _cBOOK | ||